| 000 | 02330ncm a2200361 a 4500 | ||
|---|---|---|---|
| 999 |
_c350777 _d350777 |
||
| 003 | BLK | ||
| 005 | 20240808111853.0 | ||
| 008 | 200330b bu ||||| |||| 00| 0 bu d | ||
| 040 | _aBLK | ||
| 041 |
_aRUS _cRUS |
||
| 080 |
_aКамерна вок. муз. Песни, балади, арии, романси _b784.3 _z784.3 |
||
| 080 |
_aСопран _b78.087.612.1 _z78.087.612.1 |
||
| 139 |
_aАрии из французских комических опер XVIII века _bА 84 |
||
| 245 |
_aАрии из французских комических опер XVIII века _bДля сопрано в сопровождении фортепиано : Тетр. 1- _nТетр. 2. |
||
| 257 | _aSUN | ||
| 260 |
_aМосква _c1966- _9209430 _bМузика |
||
| 300 | _c29 см | ||
| 380 | _a7 | ||
| 505 | _tСъдържа: Ариетта Агаты из оперы `Друг дома` ; Ария Изабеллы из оперы `Говорящая картина` ; Ария Коломбины из оперы `Говорящая картина` ; Ариетта Люсетты из оперы `Сильван` / Андре Гретри. Ариетта Жаннеты из оперы `Кузнец` (`Где любовь цветет...`) ; Ариетта Жаннетты из оперы `Кузнец` (`Все погибло, что любила...`) ; Песня Тюслин из лирической комедии `Колдун` ; Ариетта госпожи Арган из оперы `Солдар-чародей` ; Ариетта Фаншетты из оперы `Садовник и его господин` ; Ария Джульетты из оперы `Санчо Панса` / Франсуа-Андре Филидор | ||
| 650 | 0 |
_9256945 _aКомпозитори, френски |
|
| 650 | 7 |
_9165041 _aОпери |
|
| 650 | 7 |
_aАрии - за сопран _2 _9147355 |
|
| 653 | 7 |
_9199582 _aфренски композитори |
|
| 653 | 7 |
_9188916 _aкомични опери |
|
| 653 | 7 |
_9181252 _aарии |
|
| 700 |
_91412 _aАпродов, С. _eсостав. |
||
| 700 |
_9966 _aГинсбэрг, С. _eпрев. |
||
| 852 |
_aЦб М ІІ 4279 _bИП |
||
| 942 |
_cNOT _n0 _s1 |
||
| 944 |
_aCR _c2020-04-02 _k30560 _lГеновева Генчева |
||
| 999 | _d350777 | ||
| 999 | _d350777 | ||